000 00531nam a2200205Ia 4500
003 BUBTL
008 151213s9999 xx 000 0 und d
020 _a81-219-0845-0
082 _a510
_bAGM
100 _aR.S. Aggarwal
245 _aMathematic for MBA
_cR.S. Aggarwal
260 _aNew Delhi
_bS.Shand
_c2000
300 _a735p . :
_b21cm .
_cMathematics
650 _aMathematics
650 _aMathematics
700 _aR.S. Aggarwal
856 _k0
_l0
_yDownload
942 _2ddc
_cBK
999 _c1051
_d1051